000 00516nam a2200169 i 4500
001 61725
003 ES-MaACL
005 20230906164529.0
007 t|
008 031113s1999 sp ||||1| spa d
100 1 _aFarina, Mario V.
_948858
245 1 0 _aProgramación en BASIC /
_cMario V. Farina ; traducción y adapatación, Claudio Moraga.
260 _aMadrid :
_bPrentice-Hall,
_c[1973]
300 _aXI, 163 p. :
_bil. ;
_c24 cm.
700 1 _aMoraga, Claudio.
_982909
852 _aES-MaACL
_jE-7647
_bR.91808
999 _c61725
_d61725